"N" Capitals - World Map Sudden Death - Statistics

General Stats
  • This quiz has been taken 213 times
    205 since last reset
  • The average score is 4 of 9
Answers on the Grid
Answers color-coded by a green-red scale on the quiz's grid according to % correct below.
 
Answer Stats
Answer % Correct
N'Djamena, Niamey
73%
Nairobi
52%
Naypyidaw
45%
New Delhi
38%
Nouakchott
35%
Nicosia
34%
Nuku'alofa
34%
Nassau
22%
Ngerulmud
21%
No matching quizzes found
Score Distribution
Percent of People with Each Score
Percentile by Number Answered
Your Score History
You have not taken this quiz since the last reset